000 00661nam a2200229 a 4500
001 4854974
005 20171218052047.0
008 910918s1992 iaua 001 0 eng
010 _a 91076062
020 _a069709703X
020 _a0697167909 (pbk.)
040 _aDLC
_cDLC
041 _aeng
080 _a612 MIT
082 0 0 _a612 MIT
_220
100 1 _a4
101 _aSHM
245 1 0 _aEssentials of human anatomy physiology /
_cJohn W. Hole, Jr.
906 _a7
_bcbc
_corignew
_d2
_eopcn
_f19
_gy-gencatlg
942 _2ddc
_cBK
999 _c39057
_d39057